Statistics for Patrick Warburton Filmography

Click here to take the quiz!

General Stats

  • This quiz has been taken 30 times
    (2 since last reset)
  • The average score is 18 of 206

Answer Stats

TypeYearName% Correct
TV Show1999-PresentFamily Guy
100%
Video Game2006Family Guy Video Game!
100%
Film2012Ted
100%
Film2015Ted 2
100%
TV Show2002, 20038 Simple Rules
50%
Film2023Baby Shark's Big Movie!
50%
TV Show2020-PresentBaby Shark's Big Show!
50%
Film2007Bee Movie
50%
Video Game2007Bee Movie Game
50%
Video Game2000Buzz Lightyear of Star Command
50%
TV Show2000-2001Buzz Lightyear of Star Command
50%
Film2000Buzz Lightyear of Star Command: The Adventure Begins
50%
Film2008Get Smart
50%
Film2008Get Smart's Bruce and Lloyd: Out of Control
50%
Film2005Hoodwinked!
50%
Film2011Hoodwinked Too! Hood vs. Evil
50%
TV Show2002-2007Kim Possible
50%
Film2005Kronk's New Groove
50%
TV Show2003-2006Less than Perfect
50%
Web Series2022Madagascar: A Little Wild
50%
Film2002Men in Black II
50%
Film2013Movie 43
50%
Web SeriesTBAMr. Birchum
50%
TV Show2007-2013Rules of Engagement
50%
TV Show2010-2013Scooby-Doo! Mystery Incorporated
50%
TV Show1995-1998Seinfeld
50%
Video Game2000The Emperor's New Groove
50%
Film2000The Emperor's New Groove
50%
TV Show2019The Orville
50%
TV Show2012The Penguins of Madagascar
50%
TV Show2003-2018The Venture Bros.
50%
Film2023The Venture Bros.: Radiant Is the Blood of the Baboon Heart
50%
Film202140-Love
0%
Award Show201946th Annual Annie Awards
0%
Commercial1998American Express
0%
Film1996American Strays
0%
TV Film2000Angels in the Infield
0%
Film2017Animal Crackers
0%
TV Show1991Anything but Love
0%
Commercial2009Apple Mac
0%
TV Show2011Archer
0%
Short Film2004A Uniform Used to Mean Something...
0%
Film2017Austin Found
0%
TV Show1991Baby Talk
0%
Film2013Bad Milo!
0%
Commercial2022Barefoot Cellars
0%
TV Short1992Battle in the Erogenous Zone
0%
Film2014Behaving Badly
0%
Film2016Better Watch Out
0%
Film2014Beyond Beyond
0%
Film2002Big Trouble
0%
TV Show2007Biker Mice from Mars
0%
TV Film1998Blind Men
0%
Film2004Bob Steel
0%
Commercial1990Bugle Boy Clothes
0%
Commercial1990Burger King
0%
Commercial1998Cadillac Seville STS
0%
Video Game2007Call of Duty 4: Modern Warfare
0%
Video Game2010Call of Duty: Black Ops
0%
Film2001Camouflage
0%
Commercial2004Carrier Air Conditioning & Heating Systems
0%
Film2005Chicken Little
0%
Film2023Christmas Telethon
0%
Web Series2010, 2011, 2012CollegeHumor Originals
0%
Web Series2015COPS: Skyrim
0%
TV Show2016Crowded
0%
TV Show1995-1997Dave's World
0%
TV Show1993Designing Women
0%
Short Film1994Dickwad
0%
Film2001Dirt
0%
Film2015Divine Access
0%
Film1988Dragonard
0%
Commercial1991Edge Shaving Gel
0%
TV Show2020Elena of Avalor
0%
Film2016Elephant Kingdom
0%
TV Show1995Ellen
0%
Video Game2012Family Guy: Back to the Multiverse
0%
Video Game2014Family Guy: The Quest for Stuff
0%
Film2010Flicka 2
0%
TV Show2004Game Over
0%
TV Show1995Grace Under Fire
0%
TV Show1992Grapevine
0%
Film2007Happily N'Ever After
0%
TV Show2003Happy Family
0%
TV Show1998, 1999Hercules: The Animated Series
0%
Short Film2004Hindsight Is 20/20
0%
Film2004Home on the Range
0%
Commercial2011Honda Civic LX
0%
Film2015Hoovey
0%
TV Show1998House Rules
0%
Film2006I'll Believe You
0%
Film2020Inheritance
0%
TV Show2014Inside Amy Schumer
0%
TV Film2013Jacked Up
0%
Film2015Joe Dirt 2: Beautiful Loser
0%
Film2001Joe Somebody
0%
TV Show2011Kid vs. Kat
0%
Film2015Larry Gaye: Renegade Male Flight Attendant
0%
Video Game2009Leisure Suit Larry: Box Office Bust
0%
Web Series2017-2019Lemony Snicket's A Series of Unfortunate Events
0%
TV Short1986Life Is a Banquet
0%
TV Show1993Love & War
0%
TV Show1993Mad About You
0%
Film2009Made for Each Other
0%
TV Show1998Maggie Winters
0%
TV Show2002Malcolm in the Middle
0%
Commercial1999M&M's
0%
TV Show2018, 2020Marvel's Agents of S.H.I.E.L.D.
0%
Film1987Master of Dragonard Hill
0%
Film2022MEAD
0%
Video Game2003Metal Arms: Glitch in the System
0%
TV Show2015Moonbeam City
0%
Documentary2008Morning Light
0%
Film2014Mr. Peabody & Sherman
0%
TV Show1992Murphy Brown
0%
Commercial2013-2014NAPA Auto Parts
0%
Commercial2014-2019National Car Rental
0%
TV Show1998-1999NewsRadio
0%
Video Game2015Nords: Heroes of the North
0%
TV Show1992Northern Exposure
0%
TV Show2015No, You Shut Up!
0%
TV Show1993Nurses
0%
Music Video2007Online
0%
Video Game2006Open Season
0%
Film2006Open Season
0%
Film2014Planes: Fire & Rescue
0%
Film2014Playing It Cool
0%
Video Game2013Poker Night 2
0%
TV Show2017-2022Puppy Dog Pals
0%
TV Show1990Quantum Leap
0%
TV Show2015Randy Cunningham: 9th Grade Ninja
0%
Film2005Rebound
0%
Film2019Red Shoes and the Seven Dwarfs
0%
TV Show2002Reel Comedy
0%
TV Film1994Rise and Walk: The Dennis Byrd Story
0%
TV Show2019Rise of the Teenage Mutant Ninja Turtles
0%
TV Show2007Robot Chicken
0%
Film2009Rock Slyde
0%
Short Film2011Rollercoaster Safety with Patrick Warburton
0%
Film2002Run Ronnie Run!
0%
TV FilmTBAScarlett
0%
Film2014School Dance
0%
Film1991Scorchers
0%
Film2000Scream 3
0%
Film2021Seal Team
0%
Web Mini-Series2023Search for Sandvich
0%
Web Series2014Sequestered
0%
TV Short2009Seth & Alex's Almost Live Comedy Show
0%
Web Series2018Skylanders Academy
0%
Video Game2012Skylanders: Giants
0%
Video Game2016Skylanders: Imaginators
0%
Video Game2011Skylanders: Spyro's Adventure
0%
Video Game2015Skylanders: SuperChargers
0%
Video Game2013Skylanders: SWAP Force
0%
Video Game2014Skylanders: Trap Team
0%
Film2012Sophomore
0%
TV Show2010Sophomores
0%
Video Game2012Sorcerers of the Magic Kingdom
0%
Film2008Space Chimps
0%
Video Game2008Space Chimps
0%
Film2010Space Chimps 2: Zartog Strikes Back
0%
Web Series2020-2022Space Force
0%
Video Game2000Spider-Man
0%
Theme Park Attraction2011Star Tours: The Adventures Continue
0%
Film2005Stewie Griffin: The Untold Story
0%
Video Game2004Tak 2: The Staff of Dreams
0%
Video Game2005Tak 3: The Great Juju Challenge
0%
Video Game2008Tak and the Guardians of Gross
0%
TV Show2007-2008Tak and the Power of Juju
0%
Video Game2003Tak and the Power of Juju
0%
Video Game2014-2015Tales from the Borderlands
0%
TV Show2000Teacher's Pet
0%
TV Show2022Teen Titans Go!
0%
Short Film2009The Action Hero's Guide to Saving Lives
0%
TV Film1999The Apartment Complex
0%
TV Show2022The Bachelorette
0%
TV Show2005, 2006The Batman
0%
Film2005The Civilization of Maxwell Bright
0%
TV Show2009, 2010The Cleveland Show
0%
Film2000The Dish
0%
TV Mini-Series2006The Disney Channel Games
0%
Film2023The Duel
0%
TV Show2006-2008The Emperor's New School
0%
Film2014The Extendables
0%
TV Show2009The Fairly OddParents
0%
TV Show2012The High Fructose Adventures of Annoying Orange
0%
Film2011The Little Engine That Could
0%
Theater2008The Odd Couple
0%
Video Game2019The Outer Worlds
0%
TV Show1986The Paper Chase
0%
Short Film2017The Reason You Haven't Had Sex in So Long
0%
Film2004The Ruining
0%
TV Show1998-1999The Secret Files of SpyDog
0%
TV Film2003These Guys
0%
TV Show2010-2015The Soup
0%
TV Show2001-2002The Tick
0%
TV Show2002The Twilight Zone
0%
FilmTBAThe Unearthly
0%
Film2019The Wedding Year
0%
Film2006The Wild
0%
Film1999The Woman Chaser
0%
TV Show2005-2006The X's
0%
TV Show2015-2016TripTank
0%
Film2007Underdog
0%
Video Game2005Who Rules? The Game
0%
Commercial2018Zaxby's
0%

Score Distribution

Percentile by Number Answered

Percent of People with Each Score

Your Score History

You have not taken this quiz since the last reset